The mathematics of metamathematics
Պահպանված է:
| Հիմնական հեղինակներ: | , |
|---|---|
| Ձևաչափ: | Գիրք |
| Լեզու: | անգլերեն |
| Հրապարակվել է: |
Varsovia
Polish Scientific Publishers
1968
|
| Խորագրեր: | |
| Ցուցիչներ: |
Ավելացրեք ցուցիչ
Չկան պիտակներ, Եղեք առաջինը, ով նշում է այս գրառումը!
|
MARC
| LEADER | 00000nam a2200000 a 4500 | ||
|---|---|---|---|
| 001 | UCW1253 | ||
| 003 | CL-VaPUC | ||
| 008 | 911218e19680000PL |||||||||||||||||eng|d | ||
| 082 | 0 | 4 | |a 510.1 |b RAS |2 21 |
| 100 | 0 | |a Rasiowa, Helena |e author |9 305170 | |
| 700 | 0 | |a Sikorski, Roman |e author |9 305171 | |
| 245 | 1 | 4 | |a The mathematics of metamathematics |
| 300 | |a 519 p | ||
| 942 | |c BK | ||
| 945 | |d 19911218 00:00:00 | ||
| 260 | |a Varsovia |b Polish Scientific Publishers |c 1968 | ||
| 650 | 0 | |a Metamatemáticas |9 268160 | |
| 583 | |a last modification |c 20120529 12:23:25 |k Rodrigo Vera | ||
| 999 | |c 216172 |d 216170 | ||
| 952 | |0 0 |1 0 |4 0 |6 510_100000000000000_RAS_1968 |7 0 |8 A |9 201668 |a BIBMAT |b BIBMAT |d 2019-11-14 |i 2689162 |o 510.1 RAS 1968 |p 2689162 |r 2025-01-07 |w 2019-11-14 |y BK |k MAT | ||